<?xml version="1.0" encoding="UTF-8"?>
<record
    xmlns:xsi="http://www.w3.org/2001/XMLSchema-instance"
    xsi:schemaLocation="http://www.loc.gov/MARC21/slim http://www.loc.gov/standards/marcxml/schema/MARC21slim.xsd"
    xmlns="http://www.loc.gov/MARC21/slim">

  <leader>00245nam a2200097Ia 4500</leader>
  <controlfield tag="008">230915s9999    xx            000 0 und d</controlfield>
  <datafield tag="050" ind1=" " ind2=" ">
    <subfield code="a">HF5691.F73 2008 C3</subfield>
  </datafield>
  <datafield tag="100" ind1=" " ind2=" ">
    <subfield code="a">FRANCIS, ANDRE</subfield>
  </datafield>
  <datafield tag="245" ind1=" " ind2="0">
    <subfield code="a">BUSINESS MATHEMATICS AND STATISTICS</subfield>
  </datafield>
  <datafield tag="942" ind1=" " ind2=" ">
    <subfield code="c">BK</subfield>
  </datafield>
  <datafield tag="999" ind1=" " ind2=" ">
    <subfield code="c">84082</subfield>
    <subfield code="d">84082</subfield>
  </datafield>
  <datafield tag="952" ind1=" " ind2=" ">
    <subfield code="0">0</subfield>
    <subfield code="1">0</subfield>
    <subfield code="2">lcc</subfield>
    <subfield code="4">0</subfield>
    <subfield code="7">0</subfield>
    <subfield code="8">BUS</subfield>
    <subfield code="a">KSUL</subfield>
    <subfield code="b">KSUL</subfield>
    <subfield code="c">DISPLAY</subfield>
    <subfield code="d">2023-09-15</subfield>
    <subfield code="i">28502</subfield>
    <subfield code="l">2</subfield>
    <subfield code="o">HF 5619 .F47 2004 C.3</subfield>
    <subfield code="p">000000001480</subfield>
    <subfield code="r">2023-12-04 11:23:00</subfield>
    <subfield code="s">2023-11-27</subfield>
    <subfield code="t">C.3</subfield>
    <subfield code="w">2023-09-15</subfield>
    <subfield code="y">BK</subfield>
  </datafield>
  <datafield tag="952" ind1=" " ind2=" ">
    <subfield code="0">0</subfield>
    <subfield code="1">0</subfield>
    <subfield code="2">lcc</subfield>
    <subfield code="4">0</subfield>
    <subfield code="7">0</subfield>
    <subfield code="8">BUS</subfield>
    <subfield code="a">KSUL</subfield>
    <subfield code="b">KSUL</subfield>
    <subfield code="c">DISPLAY</subfield>
    <subfield code="d">2023-09-15</subfield>
    <subfield code="i">28503</subfield>
    <subfield code="l">0</subfield>
    <subfield code="o">HF 5691 .F73 2008 C.4</subfield>
    <subfield code="p">003637</subfield>
    <subfield code="r">2023-09-15 11:37:00</subfield>
    <subfield code="t">C.4</subfield>
    <subfield code="w">2023-09-15</subfield>
    <subfield code="y">BK</subfield>
  </datafield>
  <datafield tag="952" ind1=" " ind2=" ">
    <subfield code="0">0</subfield>
    <subfield code="1">0</subfield>
    <subfield code="2">lcc</subfield>
    <subfield code="4">0</subfield>
    <subfield code="7">0</subfield>
    <subfield code="8">BUS</subfield>
    <subfield code="a">KSUL</subfield>
    <subfield code="b">KSUL</subfield>
    <subfield code="c">DISPLAY</subfield>
    <subfield code="d">2024-01-25</subfield>
    <subfield code="i">0093</subfield>
    <subfield code="l">0</subfield>
    <subfield code="o">HF 5691 .F73 2008</subfield>
    <subfield code="p">003318</subfield>
    <subfield code="r">2024-01-25 09:47:16</subfield>
    <subfield code="t">C.1</subfield>
    <subfield code="w">2024-01-25</subfield>
    <subfield code="y">BK</subfield>
  </datafield>
  <datafield tag="952" ind1=" " ind2=" ">
    <subfield code="0">0</subfield>
    <subfield code="1">0</subfield>
    <subfield code="2">lcc</subfield>
    <subfield code="4">0</subfield>
    <subfield code="7">0</subfield>
    <subfield code="8">BUS</subfield>
    <subfield code="a">KSUL</subfield>
    <subfield code="b">KSUL</subfield>
    <subfield code="c">DISPLAY</subfield>
    <subfield code="d">2024-01-25</subfield>
    <subfield code="i">0094</subfield>
    <subfield code="l">0</subfield>
    <subfield code="o">HF 5691 .F73 2008 C.2</subfield>
    <subfield code="p">003593</subfield>
    <subfield code="r">2024-01-25 09:47:00</subfield>
    <subfield code="t">C.2</subfield>
    <subfield code="w">2024-01-25</subfield>
    <subfield code="y">BK</subfield>
  </datafield>
  <datafield tag="952" ind1=" " ind2=" ">
    <subfield code="0">0</subfield>
    <subfield code="1">0</subfield>
    <subfield code="2">lcc</subfield>
    <subfield code="4">0</subfield>
    <subfield code="7">0</subfield>
    <subfield code="8">BUS</subfield>
    <subfield code="a">KSUL</subfield>
    <subfield code="b">KSUL</subfield>
    <subfield code="c">DISPLAY</subfield>
    <subfield code="d">2024-01-25</subfield>
    <subfield code="i">22877</subfield>
    <subfield code="l">0</subfield>
    <subfield code="o">HF 5691 .F73 2004 C.6</subfield>
    <subfield code="p">010163</subfield>
    <subfield code="r">2024-01-25 09:47:00</subfield>
    <subfield code="t">C.6</subfield>
    <subfield code="w">2024-01-25</subfield>
    <subfield code="y">BK</subfield>
  </datafield>
  <datafield tag="952" ind1=" " ind2=" ">
    <subfield code="0">0</subfield>
    <subfield code="1">0</subfield>
    <subfield code="2">lcc</subfield>
    <subfield code="4">0</subfield>
    <subfield code="7">0</subfield>
    <subfield code="8">BUS</subfield>
    <subfield code="a">KSUL</subfield>
    <subfield code="b">KSUL</subfield>
    <subfield code="c">DISPLAY</subfield>
    <subfield code="d">2024-01-25</subfield>
    <subfield code="i">22732</subfield>
    <subfield code="l">1</subfield>
    <subfield code="o">HF 5691 .F73 2004 C.5</subfield>
    <subfield code="p">000000004444</subfield>
    <subfield code="r">2025-01-14 13:24:00</subfield>
    <subfield code="s">2024-10-25</subfield>
    <subfield code="t">C.5</subfield>
    <subfield code="w">2024-01-25</subfield>
    <subfield code="y">BK</subfield>
  </datafield>
</record>
